01307nam a22002897a 4500003000400000005001700004008004100021040002200062082001800084100002500102245003000127260006000157300002100217366000800238490002800246505005200274505030200326505001200628650005500640650004700695650004800742650004300790650004500833650005600878650004700934700003600981OSt20230616105935.0221006b |||||||| |||| 00| 0 eng d cBiblioteca Lado V a709.05bG851a aGriffin, Timeeditor aArtforum/bInternacional/ aNew Yorkc2016bNew York editorial and business offices c26.5x27cma428p. eeng aSUMMERv2016x0864-1315 tCOLUMNSaPassages Books Music Slant Top Ten tFEATURESaArt and Identity Introduction Collective Consciousness Artists and Identity Artist's Project Writing the Void Personae of Interest Fuck You! Artist's Project The Identity Artists and the Idnetity Critic In Cold Blood In Plain View Artist Project The Wall Target Audiences  tREVIEWS 2Tesauro de Arte & ArquitecturaaARTE COMTEMPORANEO 2Tesauro de Arte & ArquitecturaaFOTOGRAFIA 2Tesauro de Arte & ArquitecturaaARTE VISUAL 2Tesauro de Arte & ArquitecturaaLIBROS 2Tesauro de Arte & ArquitecturaaNOTICIAS 2 Tesauro de Arte & ArquitecturaaARTE INTERNACIONAL 2 Tesauro de Arte & ArquitecturaaESCULTURA aNavarreta, Jose Antonioeeditor